000 00729 a2200205 4500
003 Nust
005 20230301132442.0
010 _a 76040147
020 _a0134733711
040 _cNust
082 0 0 _a327,HOL
100 1 _aHolsti, K. J.
_9105016
245 1 0 _aInternational politics :
_ba framework for analysis /
_cK. J. Holsti.
250 _a3d ed.
260 _aEnglewood Cliffs, N.J. :
_bPrentice-Hall,
_cc1977.
300 _axi, 548 p. ;
_c24 cm.
505 _aIntroductions (Page- 3), International Systems (Page-29), Foreign Policy Outputs (Page-107), Explanation of Foreign Policy Outputs (Page-359), Major Forms of Interaction Between States (Page-457).
650 0 _aInternational relations.
942 _2ddc
_cBK
999 _c184184
_d184184